000
00215nam a22000857a 4500
008
170403b xxu||||| |||| 00| 0 eng d
100
_9
3068
_a
CCE
245
_a
Social Science Question Bank
260
_a
New Delhi
_b
CBSE
_c
2010
999
_c
6345
_d
6345